LIBRARY ONLINE CATALOGUE

Schaum's outline of complex variables (Record no. 17960)

MARC details
000 -LEADER
fixed length control field 00500nam a22001457a 4500
008 - FIXED-LENGTH DATA ELEMENTS--GENERAL INFORMATION
fixed length control field 191008b xxu||||| |||| 00| 0 eng d
020 ## - INTERNATIONAL STANDARD BOOK NUMBER
International Standard Book Number 0071615693
040 ## - CATALOGING SOURCE
Original cataloging agency KABU
Transcribing agency KABU
050 ## - LIBRARY OF CONGRESS CALL NUMBER
Classification number QA331.7
Item number .S33 2009 c. 1
245 ## - TITLE STATEMENT
Title Schaum's outline of complex variables
Remainder of title with an introduction to conformal mapping and its applications
Statement of responsibility, etc. Murray R. Spiegel ...[et al.].
260 ## - PUBLICATION, DISTRIBUTION, ETC. (IMPRINT)
Place of publication, distribution, etc. New York
Name of publisher, distributor, etc. McGraw-Hill
Date of publication, distribution, etc. 2009
300 ## - PHYSICAL DESCRIPTION
Extent ix, 374 p.
700 ## - ADDED ENTRY--PERSONAL NAME
Personal name Spiegel, Murray R.
942 ## - ADDED ENTRY ELEMENTS (KOHA)
Source of classification or shelving scheme Library of Congress Classification
Koha item type General Collection
Classification part QA331.7
Holdings
Withdrawn status Lost status Source of classification or shelving scheme Not for loan Home library Current library Date acquired Cost, normal purchase price Total Checkouts Total Renewals Full call number Barcode Date last seen Date last checked out Copy number Price effective from Koha item type
    Library of Congress Classification   Kabarak, Main Campus Kabarak, Main Campus 08/10/2019 2216.00 24 5 QA331.7 .S33 2009 c. 1 023879 04/08/2025 14/07/2025 c. 1 08/10/2019 General Collection